Derecho de la integración y relaciones laborales

Wedi'i Gadw mewn:
Manylion Llyfryddiaeth
Prif Awduron: Babace, Héctor (Awdur), Castello, Alejandro (Awdur), Billar, Pedro (Awdur)
Fformat: Llyfr
Iaith:Sbaeneg
Cyhoeddwyd: Montevideo Fundación de Cultura Universitaria 2004
Rhifyn:2a. ed
Pynciau:
Tagiau: Ychwanegu Tag
Dim Tagiau, Byddwch y cyntaf i dagio'r cofnod hwn!

MARC

LEADER 00000nam a2200000 a 4500
001 UCK7203
003 CL-VaPUC
008 051111e20040000UY |||||||||||||||||spa|d
020 |a 9974204852 
082 0 4 |a 341.763  |b BAB  |2 21 
100 0 |a Babace, Héctor  |e author  |9 496665 
700 0 |a Castello, Alejandro  |e author  |9 496666 
700 0 |a Billar, Pedro  |e author  |9 496667 
245 1 0 |a Derecho de la integración y relaciones laborales 
250 |a 2a. ed 
300 |a 332 p 
942 |c BK 
945 |d 20051111 00:00:00  |a cmena 
260 |a Montevideo  |b Fundación de Cultura Universitaria  |c 2004 
600 0 7 |a MERCOSUR  |2 CL-VaPUC  |9 330918 
650 0 |a Derecho internacional  |9 255637 
650 7 |a DERECHO LABORAL  |2 CL-VaPUC  |9 15 
650 0 |a Tratados internacionales   |9 256056 
650 0 |a Integración económica  |9 255024 
650 7 |a COMERCIO INTERNACIONAL  |2 CL-VaPUC  |9 496668 
650 0 |a Seguridad social  |9 255322 
650 0 |a Derechos humanos  |9 223025 
583 |a last modification  |c 20170731 11:53:52  |k Rodrigo Vera 
999 |c 315243  |d 315241 
952 |0 0  |1 0  |4 0  |6 341_763000000000000_BAB_2004  |7 0  |8 A  |9 388233  |a BIBDER  |b BIBDER  |d 2019-11-22  |i 4175425  |o 341.763 BAB 2004  |p 4175425  |r 2023-01-25  |w 2019-11-22  |y BK  |k DER